LIBRARY & INFORMATION CENTRE, KCAET, TAVANUR

ONLINE PUBLIC ACCESS CATALOGUE (OPAC)

Development and testing of a banana sucker uprooting machine as an attachement to a tractor (Record no. 14067)

MARC details
000 -LEADER
fixed length control field 00427nam a22001337a 4500
082 ## - DEWEY DECIMAL CLASSIFICATION NUMBER
Classification number 631.7
Item number ASW
100 ## - MAIN ENTRY--AUTHOR NAME
Personal name Aswathi Viswanathan
245 ## - TITLE STATEMENT
Title Development and testing of a banana sucker uprooting machine as an attachement to a tractor
260 ## - PUBLICATION, DISTRIBUTION, ETC. (IMPRINT)
Place of publication Tavanur
Name of publisher Department of FPME
Year of publication 2013
700 ## - ADDED ENTRY--PERSONAL NAME
Personal name Harikrishnan M
700 ## - ADDED ENTRY--PERSONAL NAME
Personal name Jayan P R (guide)
856 ## - ELECTRONIC LOCATION AND ACCESS
Uniform Resource Identifier http://192.168.1.14:8080/xmlui/handle/123456789/16
942 ## - ADDED ENTRY ELEMENTS (KOHA)
Koha item type Project Report
Holdings
Home library Current library Full call number Accession Number Koha item type
KAUAET KAUAET 631.7 ASW P269 Project Report
free website counter